| Tag |
First Indicator |
Second Indicator |
Subfields |
| LEADER |
00000cam a2200000 i 4500 |
| 001 |
in00000054697 |
| 005 |
20151008052103.0 |
| 008 |
780322m19201921nyuaf s00100 engm |
| 010 |
|
|
|a 20013124
|
| 035 |
|
|
|a (OCoLC)03739557
|
| 035 |
|
|
|9 AAH1605AM
|
| 040 |
|
|
|a DLC
|c NIE
|d TXA
|d UtOrBLW
|
| 049 |
|
|
|a TXAM
|v 1 [48155]
|v 2 [48156]
|
| 090 |
|
|
|a LA379
|b .A441
|
| 092 |
|
|
|a 370.975
|b V817v
|
| 110 |
1 |
|
|a Virginia.
|b Education Commission.
|
| 245 |
1 |
0 |
|a Virginia public schools :
|b a survey of a southern state public school system /
|c By the Virginia Education commission, Harris Hart, president, and the Virginia Survey staff, Alexander J. Inglis, director ...
|
| 264 |
|
1 |
|a Yonkers-on-Hudson, N.Y. :
|b World book company,
|c 1920-21.
|
| 300 |
|
|
|a 2 volumes :
|b illustrations,plates,tables. ;
|c 21 cm.
|
| 336 |
|
|
|a text
|b txt
|2 rdacontent
|
| 337 |
|
|
|a unmediated
|b n
|2 rdamedia
|
| 338 |
|
|
|a volume
|b nc
|2 rdacarrier
|
| 490 |
0 |
|
|a Educational survey series. [vol.VII-VIII]
|
| 650 |
|
0 |
|a Education
|z Virginia.
|
| 650 |
|
0 |
|a Educational surveys.
|
| 999 |
|
|
|a MARS
|
| 999 |
f |
f |
|s 9816689a-276c-3538-9977-219c00415088
|i 7386fccd-d59b-331e-9281-df1fa0a61acb
|t 0
|
| 952 |
f |
f |
|p normal
|a Texas A&M University
|b College Station
|c Sterling C. Evans Library
|d Evans: Library Stacks
|t 0
|e LA379 .A441
|h Library of Congress classification
|i unmediated -- volume
|k v.2
|m A14800828455
|
| 952 |
f |
f |
|p normal
|a Texas A&M University
|b College Station
|c Sterling C. Evans Library
|d Evans: Library Stacks
|t 0
|e LA379 .A441
|h Library of Congress classification
|i unmediated -- volume
|k v.1
|m A14800828447
|
| 998 |
f |
f |
|a LA379 .A441
|s v.1-v.2
|t 0
|l Evans: Library Stacks
|